Images of Britain

Uloženo v:
Podrobná bibliografie
Hlavní autor: Whitehead, John (Autor)
Médium: Kniha
Jazyk:angličtina
Vydáno: Londres Penguin Books Ltd. 1989
Edice:New Conexions, 5
Témata:
Tagy: Přidat tag
Žádné tagy, Buďte první, kdo vytvoří štítek k tomuto záznamu!

MARC

LEADER 00000cam a2200000 a 4500
001 UCF5963
003 CL-VaPUC
008 130404e19890000UK |||||||||||||||||eng|d
020 |a 0140808892 
082 0 4 |a 428.24  |b WHI  |2 21 
100 0 |a Whitehead, John  |e author  |9 567993 
245 1 0 |a Images of Britain 
300 |a 94 p 
942 |c BK 
945 |d 20130404 00:00:00  |a dcastane 
260 |a Londres  |b Penguin Books Ltd.  |c 1989 
650 0 |a Lengua inglesa  |9 318842 
650 0 |a Libros de textos para hablantes extranjeros  |9 326366 
650 0 |a Métodos de enseñanza  |9 270413 
583 |a last modification  |c 20130404 09:53:00  |k Rodrigo Vera 
490 0 |a New Conexions, 5 
999 |c 351356  |d 351354 
952 |0 0  |1 0  |4 0  |6 428_240000000000000_WHI_1989  |7 0  |8 A  |9 455404  |a BIBEDU  |b BIBEDU  |d 2019-11-22  |i 4810015  |o 428.24 WHI 1989  |p 4810015  |r 2019-11-22  |w 2019-11-22  |y BK  |k LIT